[Event "Challenge"]
[Site "http://www.queenalice.com/game.php?id=781590"]
[Date "2010.5.27"]
[Round "-"]
[White "MarcosT"]
[Black "toninhnodaprata"]
[Result "0-1"]
[WhiteElo "1860"]
[BlackElo "1891"]

1. e4 e5 2. Bc4 Nf6 3. d3 Nc6 4. Nc3 Bc5 5. h3 d6 6. Nf3 Nd4 7. Nxd4 Bxd4 8. Nd5
c6 9. Nxf6+ Qxf6 10. Qe2 Qg6 11. Qf3 Be6 12. Bxe6 fxe6 13. c3 Rf8 14. Qg4 Bxf2+
15. Ke2 Qxg4+ 16. hxg4 h6 17. Bd2 Bg3 18. Raf1 Ke7 19. g5 Rxf1 20. Kxf1 Rf8+ 21.
Ke2 Rf2+ 22. Kd1 Rxg2 23. gxh6 gxh6 24. Bxh6 Rxb2 25. Bg5+ Kf7 26. Rf1+ Kg6 27.
Rg1 Kxg5 28. Rxg3+ Kf4 29. Rg7 d5 30. exd5 exd5 31. a4 a5 32. Rh7 b5 33. Rc7 Ke3
34. Kc1 Ra2 35. Rxc6 Rxa4 0-1

[Event "Challenge"]
[Site "http://www.queenalice.com/game.php?id=784928"]
[Date "2010.6.3"]
[Round "-"]
[White "toninhnodaprata"]
[Black "DanizinhaBH"]
[Result "0-1"]
[WhiteElo "1905"]
[BlackElo "1740"]

1. e4 e5 2. Nf3 Nc6 3. Bc4 h6 4. Nc3 Nf6 5. d3 a6 6. Be3 b6 7. Nd5 b5 8. Bb3 Bb7
9. Nxf6+ Qxf6 10. O-O Bd6 11. Qd2 a5 12. a3 b4 13. a4 Ne7 14. Rab1 O-O 15. Qe2
c5 16. c4 Bc7 17. Bxc5 d6 18. Be3 Kh8 19. Rfd1 g5 20. Rbc1 Rg8 21. Nd2 Ng6 22.
Qh5 Nf4 23. Bxf4 exf4 24. Nf3 Rg6 25. c5 g4 26. Nh4 Rg7 27. Nf5 Rg6 28. cxd6 Bb6
29. g3 f3 30. Re1 Kh7 31. e5 Qg5 32. Qxg5 Rxg5 33. Ne7 Bd4 34. Bxf7 Bxb2 35. Rc7
Ba6 36. Nc6 b3 37. Bxb3+ Kh8 38. d4 Be2 39. d7 Bc3 0-1

[Event "Challenge"]
[Site "http://www.queenalice.com/game.php?id=784929"]
[Date "2010.6.3"]
[Round "-"]
[White "DanizinhaBH"]
[Black "toninhnodaprata"]
[Result "1-0"]
[WhiteElo "1715"]
[BlackElo "1930"]

1. e4 e5 2. Nf3 Nc6 3. Bc4 Bc5 4. d3 d6 5. h3 Nf6 6. a3 O-O 7. Nc3 Bd7 8. Bd2
Qc8 9. Qe2 a6 10. b4 Bb6 11. Be3 Nd4 12. Nd5 Nxd5 13. Bxd5 Nxe2 14. Kxe2 Bxe3
15. Kxe3 Bc6 16. Bb3 h6 17. d4 exd4+ 18. Nxd4 Qe8 19. f3 Ba4 20. Bc4 Bd7 21. c3
b5 22. Bd5 c6 23. Bb3 d5 24. Kd3 dxe4+ 25. fxe4 Qe5 26. Rad1 Rad8 27. Rhe1 Qg3+
28. Re3 Qxg2 29. Rd2 Qf1+ 30. Rde2 Be6 31. Bxe6 fxe6 32. Kc2 Rf2 33. Rxf2 Qc4
34. Kb2 Rxd4 35. cxd4 Qxd4+ 36. Rc3 Qxf2+ 37. Kb3 Qb6 38. Rc5 1-0

[Event "Challenge"]
[Site "http://www.queenalice.com/game.php?id=784966"]
[Date "2010.6.3"]
[Round "-"]
[White "toninhnodaprata"]
[Black "Givanildo"]
[Result "1-0"]
[WhiteElo "1889"]
[BlackElo "1499"]

1. e4 e5 2. Nf3 Qf6 3. Nc3 c6 4. Bc4 d5 5. Bb3 d4 6. Ne2 Bg4 7. Ng3 g6 8. d3 h5
9. Bg5 Qd6 10. h3 Bd7 11. a3 f6 12. Bd2 h4 13. Ne2 g5 14. Bb4 c5 15. Bd2 g4 16.
hxg4 Bxg4 17. Bxg8 Rxg8 18. Rxh4 Bxf3 19. gxf3 Nd7 20. Ng3 f5 21. Ke2 fxe4 22.
fxe4 O-O-O 23. Qh1 Be7 24. Rh6 Nf6 25. Nf5 Qd7 26. Qh3 Nxe4 27. Nxe7+ Kb8 28.
Qxd7 Rxd7 29. Nxg8 Ng5 30. Bxg5 Rg7 31. Bf6 Rxg8 32. Rah1 Kc7 33. Bxe5+ Kd7 34.
Rd6+ Ke7 35. Rh7+ Ke8 36. Rxb7 Rg5 37. Re6+ Kf8 38. Bd6+ Kg8 39. Re8# 1-0

[Event "Challenge"]
[Site "http://www.queenalice.com/game.php?id=784967"]
[Date "2010.6.3"]
[Round "-"]
[White "Givanildo"]
[Black "toninhnodaprata"]
[Result "0-1"]
[WhiteElo "1597"]
[BlackElo "1868"]

1. e4 e5 2. Bc4 Nf6 3. Qf3 Bc5 4. Ne2 d6 5. O-O Bg4 6. Qg3 O-O 7. d3 Bxe2 8. Re1
Bh5 9. Bh6 Ng4 10. Bd2 Bxf2+ 11. Qxf2 Nxf2 12. Kxf2 Nd7 13. b4 Qh4+ 14. g3 Qxh2+
15. Ke3 Qxg3# 0-1

[Event "Challenge"]
[Site "http://www.queenalice.com/game.php?id=789207"]
[Date "2010.6.13"]
[Round "-"]
[White "toninhnodaprata"]
[Black "josealexandreschultz"]
[Result "1-0"]
[WhiteElo "1929"]
[BlackElo "1760"]

1. e4 e5 2. Nf3 Nc6 3. Bc4 h6 4. d3 Nf6 5. Nc3 Bb4 6. Bd2 d6 7. Nd5 Bxd2+ 8.
Qxd2 a6 9. Nxf6+ Qxf6 10. O-O-O Bg4 11. Bd5 O-O 12. Qe3 Rab8 13. Bxc6 bxc6 14.
h3 Bxf3 15. gxf3 Rb6 16. Rhg1 Rfb8 17. b3 a5 18. Rg3 a4 19. Rdg1 g5 20. h4 axb3
21. cxb3 Kf8 22. hxg5 hxg5 23. Rxg5 Qe6 24. Rg8+ Ke7 25. Rxb8 Rxb8 26. Qg5+ Qf6
27. Qxf6+ Kxf6 28. Kb2 c5 29. Rg4 Rb4 30. a3 Rb8 31. Rg1 Rh8 32. a4 c6 33. Rg2
d5 34. Ka3 Rh3 35. a5 Rxf3 36. a6 Rxd3 37. a7 Rd1 38. f3 Ra1+ 39. Ra2 1-0

[Event "Challenge"]
[Site "http://www.queenalice.com/game.php?id=789213"]
[Date "2010.6.13"]
[Round "-"]
[White "toninhnodaprata"]
[Black "josecastroman"]
[Result "0-1"]
[WhiteElo "1861"]
[BlackElo "1793"]

1. e4 e5 2. Nf3 Nc6 3. Bb5 Qf6 4. Nc3 Nge7 5. d3 h6 6. Be3 a6 7. Bxc6 dxc6 8. h3
g5 9. g4 Ng6 10. Qe2 Bb4 11. a3 Bxc3+ 12. bxc3 Nf4 13. Bxf4 Qxf4 14. Qe3 Qxe3+
15. fxe3 f6 16. O-O Be6 17. Nd2 Ke7 18. c4 Rad8 19. Nb3 b6 20. a4 h5 21. gxh5
Bxh3 22. Rf2 Rxh5 23. Nd2 g4 24. Rf5 Rdh8 25. Rxh5 Rxh5 26. Nf1 Bxf1 27. Rxf1
Rh3 28. Kf2 Kf7 29. Rg1 Rh2+ 30. Kg3 Rxc2 31. Kxg4 Ra2 32. d4 Rxa4 33. Kf5 Rxc4
34. dxe5 Rc5 0-1

[Event "Challenge"]
[Site "http://www.queenalice.com/game.php?id=789214"]
[Date "2010.6.13"]
[Round "-"]
[White "toninhnodaprata"]
[Black "josecastroman"]
[Result "0-1"]
[WhiteElo "1938"]
[BlackElo "1876"]

1. e4 e5 2. Nf3 Nc6 3. Bb5 Qf6 4. Nc3 Nge7 5. d3 h6 6. Be3 a6 7. Bc4 d6 8. Qd2
Bg4 9. Nd5 Nxd5 10. exd5 Bxf3 11. dxc6 Bxc6 12. O-O d5 13. Bb3 d4 14. Bxd4 exd4
15. Rae1+ Be7 16. Rxe7+ Kxe7 17. Re1+ Kd7 18. Qb4 Rae8 19. Rf1 Re2 0-1

[Event "Challenge"]
[Site "http://www.queenalice.com/game.php?id=789215"]
[Date "2010.6.13"]
[Round "-"]
[White "josealexandreschultz"]
[Black "toninhnodaprata"]
[Result "0-1"]
[WhiteElo "1743"]
[BlackElo "1922"]

1. e4 e5 2. Nf3 Nc6 3. Bc4 h6 4. c3 Nf6 5. d3 Bc5 6. h3 d6 7. Nbd2 O-O 8. O-O
Bd7 9. b4 Bb6 10. a4 a6 11. Bb2 Qc8 12. Kh2 Ne7 13. Ng1 Ng6 14. Qf3 Nf4 15. Rfe1
g5 16. Nf1 Kh7 17. Bc1 g4 18. Qg3 Rg8 19. h4 N6h5 20. Bxf7 Nxg3 21. Bxg8+ Qxg8
22. Kxg3 Nxd3 23. Re2 Nxc1 24. Rxc1 Bxa4 25. Ne3 Bxe3 26. Rxe3 h5 27. c4 Rf8 28.
Ne2 Qf7 29. c5 Qxf2+ 0-1

[Event "Challenge"]
[Site "http://www.queenalice.com/game.php?id=789276"]
[Date "2010.6.13"]
[Round "-"]
[White "josecastroman"]
[Black "toninhnodaprata"]
[Result "0-1"]
[WhiteElo "1927"]
[BlackElo "1970"]

1. e4 e5 2. Nf3 Nc6 3. Bc4 Bc5 4. Nc3 d6 5. h3 Nf6 6. d3 O-O 7. Bg5 h6 8. Bh4
Be6 9. Qd2 Bxc4 10. dxc4 Nd4 11. Nxd4 Bxd4 12. Nd5 Nxe4 13. Bxd8 Nxd2 14. Bxc7
Nxc4 15. c3 Bb6 16. b3 Bxc7 17. bxc4 Ba5 18. O-O Rfd8 19. Rfe1 f6 20. f4 Rd7 21.
fxe5 dxe5 22. Rac1 Rc8 23. Re4 Kf7 24. Rc2 Ke6 25. Kf2 f5 26. Rh4 e4 27. Nf4+
Kf6 28. Nd5+ Ke5 29. Ne3 Bb6 30. Ke2 Bxe3 31. Kxe3 Rxc4 32. Ke2 Rd6 33. g3 Rd3
0-1

[Event "Challenge"]
[Site "http://www.queenalice.com/game.php?id=789472"]
[Date "2010.6.13"]
[Round "-"]
[White "toninhnodaprata"]
[Black "antoniozla"]
[Result "1-0"]
[WhiteElo "1957"]
[BlackElo "1581"]

1. e4 e5 2. Nf3 Nc6 3. Bc4 Bc5 4. d3 d6 5. Ng5 Qf6 6. Bxf7+ Ke7 7. Bxg8 Rxg8 8.
O-O Nd4 9. Nc3 Be6 10. Nxe6 Kxe6 11. Qg4+ Kf7 12. Qd1 Rgf8 13. b4 Bxb4 14. Nd5
Qe6 15. Nxb4 Kg8 16. Nd5 Qd7 17. c3 Ne6 18. Qb3 Nc5 19. Qc4 Qf7 20. Bb2 c6 21.
Nf6+ gxf6 22. Qxf7+ Kxf7 23. Rad1 Rg8 24. f4 Rg4 25. fxe5 dxe5 26. c4 Rag8 27.
Rd2 Nxd3 28. Rf3 Nxb2 29. Rxb2 b6 30. Rbf2 R4g6 31. Rf5 Rg4 32. Rxf6+ Ke8 33.
Re6+ Kd7 34. Rxe5 Re8 35. Rf7+ Kd8 36. Rxe8+ Kxe8 37. Rxa7 Rxe4 38. Ra6 Rxc4 39.
Rxb6 Rc2 40. a4 c5 41. a5 Ra2 42. a6 c4 43. Rc6 Kd7 44. Rxc4 Rxa6 45. Re4 Rf6
46. h4 Re6 47. Rf4 Ke7 48. Kh2 Rg6 49. Kh3 Ke6 50. g4 Ke5 51. Rf5+ Ke4 52. Rf7
1-0

[Event "Challenge"]
[Site "http://www.queenalice.com/game.php?id=789474"]
[Date "2010.6.13"]
[Round "-"]
[White "antoniozla"]
[Black "toninhnodaprata"]
[Result "1-0"]
[WhiteElo "1596"]
[BlackElo "1959"]

1. d4 d5 2. Nc3 Nc6 3. Nf3 Nf6 4. Bg5 Bf5 5. e3 Nb4 6. Bd3 Nxd3+ 7. cxd3 h6 8.
Bxf6 gxf6 9. O-O Rg8 10. Re1 Bh3 11. g3 c6 12. Ne2 e6 13. a3 Bd6 14. Nf4 Kd7 15.
Nxh3 f5 16. Ne5+ Kc7 17. Nxf7 Qh4 18. Nf4 Bxf4 19. exf4 Qxf4 20. Rxe6 Qxd4 21.
Qe2 h5 22. Re1 Raf8 23. Re7+ Kb6 24. Nd6 Rg7 25. Rxg7 Qxg7 26. Qd2 a6 27. Qc3
Qxc3 28. bxc3 Kc7 29. Re6 Rd8 30. Nxf5 c5 31. Ng7 d4 32. c4 Rh8 33. f4 h4 34.
Nf5 hxg3 35. Nxg3 Rf8 36. f5 Kd7 37. Rg6 Ke7 38. Rb6 Rb8 39. h4 Kf7 40. Kf2 a5
41. Ne4 a4 42. Nxc5 1-0

[Event "Challenge"]
[Site "http://www.queenalice.com/game.php?id=792750"]
[Date "2010.6.20"]
[Round "-"]
[White "toninhnodaprata"]
[Black "robertson"]
[Result "1-0"]
[WhiteElo "1936"]
[BlackElo "1544"]

1. e4 e5 2. Nf3 Qf6 3. Bc4 h6 4. c3 d6 5. d4 c6 6. dxe5 Qd8 7. exd6 Nd7 8. Bf4
Qf6 9. Bg3 b5 10. e5 Qf5 11. Bd3 Qe6 12. O-O g5 13. Re1 Nc5 14. Bc2 Nd7 15. Nd4
Qd5 16. Be4 Qc4 17. Bxc6 Rb8 18. Nd2 Qc5 19. Ne4 Qb6 20. Bxb5 Bg7 21. Bxd7+ Bxd7
22. b3 h5 23. Nxg5 Bg4 24. Qd2 Bh6 25. Qf4 Rb7 26. e6 f6 27. d7+ Ke7 28. Nf5+
Bxf5 29. Qd6+ Qxd6 30. Bxd6+ Kxd6 31. d8=Q+ Kc6 32. e7 Bg6 33. Re6+ Kc5 34. Qa5+
Rb5 35. Qxa7+ 1-0

[Event "Challenge"]
[Site "http://www.queenalice.com/game.php?id=792751"]
[Date "2010.6.20"]
[Round "-"]
[White "robertson"]
[Black "toninhnodaprata"]
[Result "0-1"]
[WhiteElo "1651"]
[BlackElo "1925"]

1. e4 e5 2. Nf3 Nc6 3. Bc4 Bc5 4. d3 Nf6 5. h3 d6 6. Bg5 h6 7. Bd2 O-O 8. g4 Be6
9. Bxe6 fxe6 10. c3 d5 11. Qb3 Bb6 12. g5 Nh5 13. Qd1 dxe4 14. dxe4 Qd3 15. gxh6
Rxf3 16. Be3 Qxe4 17. Nd2 Rxe3+ 18. fxe3 Qh4+ 19. Ke2 Ng3+ 20. Kd3 Qxh6 21. Rg1
Qxe3+ 22. Kc2 Rd8 23. Rg2 Na5 24. b3 Ne4 25. Rxg7+ Kxg7 26. Qg4+ Ng5 27. Rd1
Rxd2+ 28. Rxd2 Qe4+ 29. Qxe4 Nxe4 30. Re2 Ng5 31. h4 Nf7 32. b4 Nc4 33. Kb3 Ncd6
34. a4 c5 35. b5 Ba5 36. c4 Kh6 37. Rg2 e4 38. Re2 Kh5 39. Rf2 Kxh4 40. Rf6 Ng5
41. Rg6 Bd2 42. Rg7 e3 43. Kc2 Nxc4 44. Kd3 Nd6 45. Ke2 Nde4 46. Rxb7 Ng3+ 47.
Kd3 Nf3 48. Rxa7 e2 49. b6 e1=Q 50. b7 Bf4 51. Kc4 Qb4+ 52. Kd3 c4+ 0-1

[Event "Challenge"]
[Site "http://www.queenalice.com/game.php?id=792824"]
[Date "2010.6.20"]
[Round "-"]
[White "toninhnodaprata"]
[Black "rockaudrey"]
[Result "0-1"]
[WhiteElo "1984"]
[BlackElo "1690"]

1. e4 c5 2. Nc3 Nc6 3. Bb5 Nf6 4. Nf3 e6 5. e5 Ng4 6. Bxc6 dxc6 7. O-O Be7 8. d3
O-O 9. Re1 c4 10. Nd2 Nh6 11. Nde4 Nf5 12. dxc4 Nd4 13. Be3 c5 14. Bxd4 cxd4 15.
Ne2 Qb6 16. b3 Rd8 17. Qd3 f5 18. N4g3 Qc5 19. Nf4 Bg5 20. Qf3 Rb8 21. Nd3 Qe7
22. Ne2 Bd2 23. Red1 Bg5 24. Ndf4 Qc5 25. Rd3 Qxe5 26. Rad1 b6 27. g3 Bb7 28.
Nxd4 Bxf3 29. Nxf3 Rxd3 30. Nxe5 Rxd1+ 31. Kg2 Bxf4 0-1

[Event "Challenge"]
[Site "http://www.queenalice.com/game.php?id=792825"]
[Date "2010.6.20"]
[Round "-"]
[White "rockaudrey"]
[Black "toninhnodaprata"]
[Result "1-0"]
[WhiteElo "1718"]
[BlackElo "1956"]

1. e4 e5 2. Nf3 Nc6 3. d4 exd4 4. Nxd4 Qe7 5. Nc3 Nf6 6. f3 d5 7. Bg5 Bd7 8. Be2
Qe5 9. Bxf6 gxf6 10. Nxc6 bxc6 11. Qd2 Bb4 12. O-O-O Bxc3 13. Qxc3 Qxc3 14. bxc3
Be6 15. exd5 cxd5 16. Bb5+ Kf8 17. g4 Kg7 18. h4 Rhd8 19. Rd4 c5 20. Ra4 Bd7 21.
Bxd7 Rxd7 22. Rd1 Re8 23. Rf1 Re2 24. Kd1 Rde7 25. g5 fxg5 26. h5 Rh2 27. Ra5
Ree2 28. Rb5 Rd2+ 29. Kc1 Rxc2+ 30. Kb1 Rxc3 31. Rg1 h6 32. Rb7 Ra3 33. f4 Kf6
34. Rc1 c4 35. Rd7 1-0

[Event "Challenge"]
[Site "http://www.queenalice.com/game.php?id=798620"]
[Date "2010.7.4"]
[Round "-"]
[White "toninhnodaprata"]
[Black "Givanildo"]
[Result "1-0"]
[WhiteElo "1952"]
[BlackElo "1684"]

1. e4 e5 2. Bc4 c5 3. Qh5 Nh6 4. Qxe5+ Qe7 5. Qxe7+ Bxe7 6. d3 d6 7. f3 Nc6 8.
c3 g5 9. Ne2 Ne5 10. Bb5+ Bd7 11. Bxd7+ Nxd7 12. Ng3 O-O-O 13. Be3 Bf6 14. Nd2
b5 15. O-O a5 16. Ne2 g4 17. Bxh6 Ne5 18. fxg4 Be7 19. Bg7 Rhg8 20. Bxe5 dxe5
21. Rxf7 Bg5 22. Nf3 Be3+ 23. Kf1 Rxd3 24. Nxe5 Rdd8 25. h3 c4 26. Nc6 Rd6 27.
Ne7+ Kd8 28. Nxg8 Ke8 29. Rxh7 Kf8 30. Ne7 Bg5 31. Nd5 Kg8 32. Rb7 b4 33. cxb4
a4 34. Nd4 Bh4 35. Nf5 Re6 36. Nxh4 Rxe4 37. Nf6+ 1-0

[Event "Challenge"]
[Site "http://www.queenalice.com/game.php?id=798621"]
[Date "2010.7.4"]
[Round "-"]
[White "toninhnodaprata"]
[Black "FPM"]
[Result "1-0"]
[WhiteElo "1956"]
[BlackElo "1902"]

1. e4 e5 2. Nf3 Nc6 3. Bc4 Bc5 4. d3 h6 5. Nc3 d6 6. O-O Bg4 7. h3 Bh5 8. Be3
Bxe3 9. fxe3 Na5 10. b3 Nxc4 11. bxc4 Ne7 12. Qb1 Rb8 13. Qb5+ Nc6 14. Qb3 Na5
15. Qb5+ Nc6 16. d4 Bxf3 17. Rxf3 O-O 18. d5 a6 19. Qa4 Qg5 20. Raf1 Ne7 21. Qd7
Rbc8 22. Kh2 Rfd8 23. Qa4 Rf8 24. Rg3 Qh5 25. Qd7 Rfe8 26. Rf2 f6 27. Rxf6 Kh8
28. Rf2 Qh4 29. Rf7 Rg8 30. Qxe7 Qxe7 31. Rxe7 b6 32. Rf3 c6 33. Ne2 cxd5 34.
exd5 Rxc4 35. c3 Ra4 36. Ng3 Rxa2 37. Rff7 Ra5 38. e4 Rc5 39. Nf5 Rxc3 40. Nxh6
1-0

[Event "Challenge"]
[Site "http://www.queenalice.com/game.php?id=798623"]
[Date "2010.7.4"]
[Round "-"]
[White "FPM"]
[Black "toninhnodaprata"]
[Result "0-1"]
[WhiteElo "1916"]
[BlackElo "1930"]

1. e4 e5 2. Nf3 Nc6 3. Bb5 Qf6 4. Bxc6 Qxc6 5. O-O d6 6. h3 Qxe4 7. Re1 Qg6 8.
Kh2 Bf5 9. Nh4 Qf6 10. Nxf5 Qxf5 11. d4 O-O-O 12. dxe5 Qxf2 13. Be3 Qh4 14. exd6
Bxd6+ 15. Kh1 Bg3 16. Nd2 Bxe1 17. Qxe1 Qxe1+ 18. Rxe1 b6 19. Nf3 f6 20. Nd4 Rd7
21. Ne6 Nh6 22. Nxg7 Rxg7 23. Bxh6 Rg6 24. Bf4 Kd7 25. g3 c5 26. Kg2 f5 27. Rd1+
Kc6 28. c4 Re8 29. Kf3 Re7 30. h4 Rge6 31. Rd2 h5 32. b3 Re8 33. a3 R8e7 34. b4
cxb4 35. axb4 Re4 36. Rd6+ Kb7 37. b5 Rxc4 38. Rd8 Rc8 39. Rd5 Rc5 40. Rxc5 bxc5
41. Bd6 Rc7 0-1

[Event "Challenge"]
[Site "http://www.queenalice.com/game.php?id=798625"]
[Date "2010.7.4"]
[Round "-"]
[White "toninhnodaprata"]
[Black "krazyking"]
[Result "1-0"]
[WhiteElo "1920"]
[BlackElo "1824"]

1. e4 e5 2. Nf3 Nc6 3. Bc4 h6 4. Nc3 Nf6 5. d3 a6 6. Be3 Bb4 7. O-O d6 8. Nd5
Nxd5 9. Bxd5 Bd7 10. Qc1 Qe7 11. c3 Ba5 12. b4 Bb6 13. Bxb6 cxb6 14. a4 O-O 15.
Qe3 b5 16. axb5 axb5 17. Rxa8 Rxa8 18. Qb6 Bg4 19. Bxc6 bxc6 20. Qxc6 Bxf3 21.
Qxa8+ Kh7 22. gxf3 Qg5+ 23. Kh1 Qd2 24. Qd5 Qxc3 25. Qxd6 f6 26. Rg1 Qc8 27. Qc5
Qb7 28. Ra1 Qd7 29. Rd1 Qh3 30. Qe3 Qe6 31. d4 Qc4 32. dxe5 fxe5 33. Qd2 Qb3 34.
Kg2 Qf7 35. Rg1 Qg6+ 36. Kf1 Qh5 37. Qd7 1-0

[Event "Challenge"]
[Site "http://www.queenalice.com/game.php?id=798626"]
[Date "2010.7.4"]
[Round "-"]
[White "krazyking"]
[Black "toninhnodaprata"]
[Result "0-1"]
[WhiteElo "1829"]
[BlackElo "1945"]

1. e4 e5 2. Nf3 Nc6 3. Nc3 Bc5 4. a3 Nf6 5. h3 O-O 6. Bc4 d6 7. d3 Be6 8. Bxe6
fxe6 9. O-O Qe8 10. b4 Bb6 11. Na4 Bd4 12. Nxd4 Nxd4 13. Nc3 Qg6 14. Ne2 Nf3+
15. Kh1 Nh4 16. Rg1 Nh5 17. Be3 Rf7 18. Qd2 Raf8 19. Raf1 h6 20. f3 Ng3+ 21.
Nxg3 Qxg3 22. Bf2 Qf4 23. Qxf4 Rxf4 24. Bxh4 Rxh4 25. Kh2 Rhf4 26. c4 Rd8 27. a4
c5 28. b5 d5 29. Rd1 Rf7 30. Rd2 dxc4 31. Rc1 Rxd3 32. Rdc2 Rd4 33. Rxc4 Rxc4
34. Rxc4 b6 35. Kg1 Rd7 36. Kf2 Rd4 37. Rxd4 exd4 38. Ke2 c4 39. Kd2 Kf7 40. g4
e5 41. h4 g5 42. hxg5 hxg5 43. Kc2 Ke6 44. Kd2 Kd6 45. Kc2 Kc5 46. Kb2 Kb4 0-1